Les femmes qui ont marqué l'histoire - Statistiques

Statistiques générales
  • Ce quiz a été pris 618 fois
  • Le résultat moyen est 11 sur 20
Statistiques - réponses
Description Réponse % Correct
Elle a défendu le célèbre projet de loi sur l'IVG, voté en 1975 Simone Veil
90%
Jeune fille juive ayant écrit un journal qui constitue aujourd'hui un précieux témoignage de la Shoah Anne Frank
87%
C'est la première femme a avoir reçu un prix Nobel, et à ce jour la seule à en avoir reçu deux Marie Curie
87%
Cette princesse est morte le 31 août 1997 à Paris sous le Pont de l'Alma Princesse Diana
84%
Figure emblématique de la lutte contre la ségrégation raciale aux USA, connue notamment pour son acte de désobéissance envers les ordres d'un conducteur de bus de Montgomery Rosa Parks
77%
Cette femme de lettres française a publié en 1949 l'ouvrage "Le Deuxième Sexe", une référence en matière de philosophie féministe Simone de Beauvoir
73%
Jeune suédoise devenue icône de la lutte contre le réchauffement climatique Greta Thunberg
70%
Avec ses 23 succès, cette tenniswoman détient le record du nombre de titres remportés en simple femme dans les tournois du Grand Chelem durant l'ère Open Serena Williams
68%
Artiste mexicaine incontournable Frida Kahlo
58%
Chanteuse, danseuse, actrice, meneuse de revue et résistante américaine naturalisée française Joséphine Baker
51%
Monarque au plus long règne du Royaume-uni Elisabeth II
49%
Femme politique française, première femme Première Ministre Edith Cresson
44%
Danseuse et courtisane néerlandaise, fusillée pour espionnage lors de la Première Guerre Mondiale Mata Hari
40%
Elle a été tour à tour Reine de France et Reine d'Angleterre, et est la mère de Richard Coeur de Lion Aliénor d'Aquitaine
38%
Elle a tué Marat dans son bain lors de la Révolution française Charlotte Corday
36%
Avocate, militante féministe et femme politique franco-tunisienne. Signataire du manifeste des 343 et avocate du procès de Bobigny Gisèle Halimi
36%
Seule athlète française à être triple championne olympique : en 1992 aux Jeux de Barcelone sur 400 mètres et deux fois aux Jeux d’Atlanta en 1996 sur 400 mètres et 200 mètres Marie-José Perec
28%
Première femme aviatrice a avoir traversé l'océan atlantique en avion en 1932 Amelia Earhart
20%
Princesse Phénicienne créatrice légendaire et première Reine de Carthage Didon
16%
Militante du mouvement des droits civiques aux Etats-Unis, membre des Black Panthers très connue Angela Davis
15%
Aucun quiz correspondant
Distribution des résultats
% des personnes avec chaque résultat
Percentile par nombre de réponses
Votre historique - résultats
Vous n’avez pas pris ce quiz